000 00583nmm a2200193Ia 4500
008 251105s9999||||xx |||||||||||||||||und||
020 _a9788415803959
041 _aspa
100 _aWesterman, Frank
245 0 _aEl destino de los caballos blancos :
_b Una historia diferente del siglo XX
264 _a[Madrid, España] :
_bSiruela,
_c2013
300 _a264 páginas
490 _aEl ojo del tiempo
650 _aHistory of Europe
700 _aWesterman, Frank
700 1 _a De Sterck, Goedele
856 _uhttps://public.digitaliapublishing.com/a/31864
942 _cCF
999 _c72568
_d72568